| 000 | 00586nam a22002297a 4500 | ||
|---|---|---|---|
| 005 | 20160401135241.0 | ||
| 008 | 160112b xxu||||| |||| 00| 0 spa d | ||
| 020 | _a9789682476044 | ||
| 041 | _aEspañol | ||
| 082 |
_a620.82 _bW286e2 |
||
| 100 |
_aWarr, Peter _9256 |
||
| 245 | _aErgonomía aplicada | ||
| 250 | _a2 edición | ||
| 260 |
_aMéxico _bTrillas _c2006 |
||
| 300 | _a338 páginas | ||
| 650 |
_aERGONOMÍA _9252 |
||
| 650 |
_aSALUD OCUPACIONAL _9253 |
||
| 650 |
_aTRABAJO DE OFICINA _9254 |
||
| 650 |
_aPSICOLOGÍA _9229 |
||
| 650 |
_aCARGA DE TRABAJO _9255 |
||
| 942 | _cBK | ||
| 999 |
_c7307 _d7307 |
||